书目信息 |
| 题名: |
设计之外
|
|
| 作者: | 周琮凯 , 秦榛 著 | |
| 分册: | ||
| 出版信息: | 成都 四川美术出版社 1999.09 |
|
| 页数: | 58页 | |
| 开本: | 32开 | |
| 丛书名: | 名案典析丛书 | |
| 单 册: | ||
| 中图分类: | J521 | |
| 科图分类: | ||
| 主题词: | 工艺美术--中国 | |
| 电子资源: | ||
| ISBN: | 7-5410-1685-3 | |
| 000 | 00790nam0 2200241 45 | |
| 001 | 0303311046 | |
| 005 | 20031219104108.2 | |
| 010 | @a7-5410-1685-3@dCNY20.00 | |
| 100 | @a20030331d1999 km y0chiy0120 ea | |
| 101 | 0 | @achi |
| 105 | @a z 000yy | |
| 200 | 1 | @a设计之外@AShe Ji Zhi Wai@e周琮凯、秦榛个人策划案例@EZhou Cong Kai、Qin Zhen Ge Ren Ce Hua An Li@f周琮凯,秦榛著@FZhou Cong Kai,Qin Zhen Zhu |
| 210 | @a成都@c四川美术出版社@d1999.09 | |
| 215 | @a58页@d32开 | |
| 225 | @a名案典析丛书@h第一期 | |
| 410 | @12001 @a名案典析丛书 | |
| 517 | @a周琮凯、秦榛个人策划案例@AZhou Cong Kai、Qin Zhen Ge Ren Ce Hua An Li | |
| 606 | 0 | @a工艺美术@x中国 |
| 690 | @aJ521@v4 | |
| 701 | @a周琮凯@4著 | |
| 701 | 0 | @a秦榛@4著 |
| 801 | @aCN@bTSTC@c20030331 | |
| 905 | @b321660-662@dJ521@e66@f3 | |
| 设计之外:周琮凯、秦榛个人策划案例/周琮凯,秦榛著.-成都:四川美术出版社,1999.09 |
| 58页;32开.-(名案典析丛书.第一期) |
| ISBN 7-5410-1685-3:CNY20.00 |
| ● |
| 相关链接 |
|
|
|
|
正题名:设计之外
索取号:J521/66
 
预约/预借
| 序号 | 登录号 | 条形码 | 馆藏地/架位号 | 状态 | 备注 |
| 1 | 0321660 | 203216607 | 第一借阅区/ [索取号:J521/66] | 在馆 | |
| 2 | 0321661 | 203216616 | 第一借阅区/ [索取号:J521/66] | 在馆 | |
| 3 | 0321662 | 203216625 | 第一样本阅览室/ [索取号:J521/66] | 在馆 |